00351 2200145 4500001002100000008004100021035002000062245002500082100002100107260001500128082001000143650001200153990002000165990002000185INLIS000000000002103 ind  a0010-0824000864 aKANCIL MENCURI TIMUN aMB. RAHIMSYAH AR bKARYA JAYA a398.5 aDongeng a4572/BBTIV/2023 a4677/BBTIV/2053